00761nam a2200193 i 450000100060000000300090000600500170001500700030003200800410003510000390007624500750011525000150019026000920020530000400029771000610033785200310039899900170042995201210044693090ES-MaACL20230906181126.0t|050407s1949 sp ||||1| spa d1 aLohmann Villena, Guillermo.97313413aEl Conde de Lemos b: Virrey del Perú / cGuillermo Lohmann Villena. a[1ª ed.]. aMadrid : bEscuela de Estudios Hispano-Americanos de la Universidad de Sevilla, c1946. aXIV, 472 p., lám. I-XI ; c22 cm.2 aEscuela de Estudios Hispano-Americanos (Sevilla)9134366 aES-MaACLjD-5242 bR.30538 c93090d93090 00104070aATENEOMbATENEOMcSVId2008-01-17eSCl0oD-5242p901097173r2023-02-23 00:00:00w2023-02-23yMONOGRAFIA